书目信息 |
| 题名: |
建筑设计与城市空间
|
|
| 作者: | 田银生 , 刘韶军 编著 | |
| 分册: | ||
| 出版信息: | 天津 天津大学出版社 2000.01 |
|
| 页数: | 159页 | |
| 开本: | 32开 | |
| 丛书名: | ||
| 单 册: | ||
| 中图分类: | TU984.11 | |
| 科图分类: | ||
| 主题词: | 城市规划 | |
| 电子资源: | ||
| ISBN: | 7-5618-1252-3 | |
| 000 | 00623nam0 2200205 45 | |
| 001 | 0010210954 | |
| 005 | 20010328092426.0 | |
| 010 | @a7-5618-1252-3@d32.00元 | |
| 100 | @a20001021d2000 km y0chiy0120 ea | |
| 101 | 0 | @achi |
| 105 | @a z 000yy | |
| 200 | 1 | @a建筑设计与城市空间@AJian Zhu She Ji Yu Cheng Shi Kong Jian@f田银生,刘韶军编著@FTian Yin Sheng,Liu Shao Jun Bian Zhu |
| 210 | @a天津@c天津大学出版社@d2000.01 | |
| 215 | @a159页@d32开 | |
| 606 | 0 | @a城市规划 |
| 690 | @aTU984.11@v3 | |
| 701 | 0 | @a田银生@4编著 |
| 701 | 0 | @a刘韶军@4编著 |
| 801 | @aCN@bPftUser@c20001021 | |
| 905 | @dTU984.11@eT799@b333486-488@f3 | |
| 建筑设计与城市空间/田银生,刘韶军编著.-天津:天津大学出版社,2000.01 |
| 159页;32开 |
| ISBN 7-5618-1252-3:32.00元 |
| ● |
| 相关链接 |
|
|
|
正题名:建筑设计与城市空间
索取号:TU984.11/T799
 
预约/预借
| 序号 | 登录号 | 条形码 | 馆藏地/架位号 | 状态 | 备注 |
| 1 | 333486 | 203334864 | 建筑与城市规划学院资料室/101建筑库 87排1列1层/ [索取号:TU984.11/T799] | 在馆 | |
| 2 | 333487 | 203334873 | 建筑与城市规划学院资料室/201建筑库 64排3列5层/ [索取号:TU984.11/T799] | 在馆 | |
| 3 | 333488 | 203334882 | 建筑库201/201建筑库 62排1列4层/ [索取号:TU984.11/T799] | 在馆 |